[Event "ICS rated standard match"]
[Site "204.178.125.65"]
[Date "2001.01.10"]
[Round "?"]
[White "Hossa"]
[Black "diep"]
[Result "0-1"]
[WhiteElo "2333"]
[BlackElo "2476"]
[PlyCount "228"]
[EventDate "2001.??.??"]

1. d4 Nf6 2. Nf3 g6 3. g3 Bg7 4. Bg2 O-O 5. Bf4 d6 6. Nc3 Nc6 7. O-O Bg4 8. Qd2
Nd7 9. d5 Nce5 10. Nxe5 Nxe5 11. b3 Bf5 12. e4 Bg4 13. f3 Bd7 14. Rfe1 c5 15.
a3 Rc8 16. Bh6 Qb6 17. Bxg7 Kxg7 18. Qe3 h6 19. h3 c4 20. Qxb6 axb6 21. Re3 g5
22. f4 Ng6 23. Ne2 cxb3 24. cxb3 gxf4 25. gxf4 Rc2 26. f5 Ne5 27. Rg3+ Kh8 28.
Nd4 Rd2 29. Nf3 Nxf3+ 30. Bxf3 Rd3 31. Rb1 Ra8 32. a4 b5 33. Kf2 bxa4 34. bxa4
Bxa4 35. Rxb7 Rb3 36. Rxb3 Bxb3 37. Rg1 Ra3 38. h4 Bc2 39. h5 Kh7 40. Rc1 Ra2
41. Ke3 Kg7 42. Kf4 Kf6 43. Rg1 Bd3 44. Rg8 Rb2 45. Ke3 Bf1 46. Kf4 Rf2 47. Ke3
Rc2 48. Kf4 Bd3 49. Ke3 Ba6 50. Bd1 Rc1 51. Kd2 Rb1 52. Ra8 Bb5 53. Ra7 Bf1 54.
Bc2 Rb2 55. Kc3 Rb8 56. Kd2 Rg8 57. Bd1 Rg3 58. Ke1 Bb5 59. Kf2 Rd3 60. Bf3 Rc3
61. Bd1 Rc1 62. Bf3 Rb1 63. Ke3 Kg5 64. Kd2 Rb2+ 65. Kc3 Rf2 66. Bd1 Kf6 67.
Ra8 Rg2 68. Bc2 Rh2 69. Bd1 Rh3+ 70. Kd2 Bf1 71. Ra4 Bg2 72. Be2 Kg5 73. Kc2
Kf4 74. Bd3 Re3 75. Kd2 Bxe4 76. Bc2 f6 77. Rc4 Kf3 78. Bd1+ Kf2 79. Rd4 Bf3
80. Rf4 Ra3 81. Bc2 Kg3 82. Rd4 Bxh5 83. Re4 Ra7 84. Re3+ Kf4 85. Re4+ Kg5 86.
Re1 Bg4 87. Rf1 h5 88. Ke3 h4 89. Kd2 h3 90. Rf2 Kh4 91. Rf1 h2 92. Be4 Ra2+
93. Kc3 Kg3 94. Kd4 Bh3 95. Rc1 Bg2 96. Bd3 h1=Q 97. Rxh1 Bxh1 98. Ke3 Bxd5 99.
Bb5 Ra3+ 100. Kd4 Kf4 101. Kxd5 Ra5 102. Kc6 Rxb5 103. Kxb5 Kxf5 104. Kb4 e5
105. Kc3 e4 106. Kd4 d5 107. Kc5 e3 108. Kd4 e2 109. Kd3 e1=Q 110. Kc2 Ke4 111.
Kb3 Kd3 112. Kb2 Qb4+ 113. Kc1 f5 114. Kd1 Qd2# {Hossa checkmated} 0-1

[Event "ICS rated blitz match"]
[Site "204.178.125.65"]
[Date "2001.01.10"]
[Round "?"]
[White "Conjecture"]
[Black "Hossa"]
[Result "0-1"]
[WhiteElo "1970"]
[BlackElo "2553"]
[PlyCount "80"]
[EventDate "2001.??.??"]

1. e4 c5 2. Nf3 Nc6 3. d4 cxd4 4. Nxd4 e6 5. c4 Qh4 6. Qd3 Bb4+ 7. Bd2 Bc5 8.
Bc3 f5 9. Nd2 Nf6 10. g3 fxe4 11. Nxc6 exd3 12. gxh4 bxc6 13. Bxd3 O-O 14. Bxf6
Rxf6 15. Ne4 Bb4+ 16. Ke2 Rf4 17. h5 d5 18. Ng3 Ba6 19. b3 Bc5 20. f3 Raf8 21.
Rhf1 dxc4 22. bxc4 Rxc4 23. Bxc4 Bxc4+ 24. Kd2 Rd8+ 25. Kc3 Bxf1 26. Rxf1 Be3
27. Ne4 Kf7 28. Rb1 Ke7 29. Rb7+ Rd7 30. Rxd7+ Kxd7 31. Kc4 e5 32. h3 Ke6 33.
a4 Kf5 34. Nd6+ Kf4 35. Ne8 g6 36. hxg6 hxg6 37. Nf6 Kxf3 38. Nd7 Bd4 39. Nb8
c5 40. Nc6 e4 {Conjecture resigns} 0-1

[Event "ICS rated blitz match"]
[Site "204.178.125.65"]
[Date "2001.01.10"]
[Round "?"]
[White "Hossa"]
[Black "armenjan"]
[Result "1-0"]
[WhiteElo "2554"]
[BlackElo "2134"]
[PlyCount "46"]
[EventDate "2001.??.??"]

1. d4 e6 2. e4 d5 3. Nd2 c5 4. dxc5 Bxc5 5. exd5 exd5 6. Nb3 Bd6 7. Bb5+ Nc6 8.
Nf3 Nge7 9. O-O O-O 10. Be3 Bg4 11. h3 Bh5 12. Re1 Re8 13. Bc5 a6 14. Bxc6 bxc6
15. Qd3 Bg6 16. Qc3 Qc7 17. Bxd6 Qxd6 18. Nc5 f6 19. Re6 Qc7 20. Rae1 Nf5 21.
Nxa6 Qb7 22. Qxc6 Qxc6 23. Rxc6 Re6 {armenjan resigns} 1-0

[Event "ICS rated blitz match"]
[Site "204.178.125.65"]
[Date "2001.01.10"]
[Round "?"]
[White "pob"]
[Black "Hossa"]
[Result "0-1"]
[WhiteElo "2052"]
[BlackElo "2557"]
[PlyCount "94"]
[EventDate "2001.??.??"]

1. e4 c5 2. Nf3 Nc6 3. d4 cxd4 4. Nxd4 e6 5. Nc3 Qc7 6. a3 Nxd4 7. Qxd4 Nf6 8.
Be3 Ng4 9. O-O-O Nxe3 10. Qxe3 Bc5 11. Qg3 Qxg3 12. fxg3 Be3+ 13. Kb1 a6 14. e5
f6 15. exf6 gxf6 16. Ne4 Ke7 17. Nd6 Bc5 18. Ne4 Bb6 19. Nd6 Bc7 20. Nxc8+
Raxc8 21. Bd3 d5 22. Rhf1 f5 23. Rde1 Kd7 24. g4 f4 25. c4 d4 26. h4 b6 27. Re4
e5 28. Re2 Kd6 29. g5 a5 30. b3 Kc6 31. Be4+ Kc5 32. Kc2 a4 33. Rf3 axb3+ 34.
Kxb3 Rcf8 35. Ref2 Bd6 36. Rf1 Be7 37. Bd5 Rb8 38. g3 b5 39. gxf4 bxc4+ 40. Kc2
d3+ 41. Kc1 Kxd5 42. fxe5 Bxa3+ 43. Kd1 Rb1+ 44. Kd2 Rb2+ 45. Ke3 Bc5+ 46. Kf4
Rg2 47. Ra1 Rf8# {pob checkmated} 0-1

[Event "ICS rated blitz match"]
[Site "204.178.125.65"]
[Date "2001.01.10"]
[Round "?"]
[White "Hossa"]
[Black "Valg"]
[Result "0-1"]
[WhiteElo "2559"]
[BlackElo "2758"]
[PlyCount "116"]
[EventDate "2001.??.??"]

1. e4 e5 2. Nf3 Nc6 3. d4 exd4 4. Nxd4 Bc5 5. Be3 Qf6 6. c3 Nge7 7. Be2 d5 8.
Qa4 Bxd4 9. Bxd4 Qg6 10. Nd2 dxe4 11. Be3 Bf5 12. O-O-O O-O 13. Rhg1 Rfd8 14.
g4 Be6 15. h4 Nd5 16. h5 Qf6 17. Nxe4 Qe5 18. Bf3 Nxe3 19. fxe3 Rxd1+ 20. Rxd1
Re8 21. g5 Qf5 22. Nd2 Qxg5 23. Bxc6 bxc6 24. Qxc6 Rc8 25. Qf3 Rd8 26. c4 h6
27. Qf4 Qxf4 28. exf4 Rd4 29. Rf1 Bxc4 30. Nxc4 Rxc4+ 31. Kd2 c5 32. b3 Rd4+
33. Ke3 Kh7 34. Rf2 a6 35. Rd2 Rxd2 36. Kxd2 g6 37. hxg6+ Kxg6 38. Ke3 Kf5 39.
Kf3 h5 40. Kg3 Ke4 41. f5 Kxf5 42. Kf3 Ke5 43. Kg3 f5 44. Kf3 h4 45. Kg2 f4 46.
Kh2 f3 47. Kh3 Kd4 48. a3 Kc3 49. a4 Kxb3 50. a5 c4 51. Kh2 c3 52. Kh3 c2 53.
Kg4 f2 54. Kf5 f1=Q+ 55. Kg6 c1=Q 56. Kg7 Qg5+ 57. Kh8 Qff6+ 58. Kh7 Qgg6# {
Hossa checkmated} 0-1

[Event "ICS rated standard match"]
[Site "204.178.125.65"]
[Date "2001.01.10"]
[Round "?"]
[White "nitmo"]
[Black "Hossa"]
[Result "0-1"]
[WhiteElo "1938"]
[BlackElo "2323"]
[PlyCount "101"]
[EventDate "2001.??.??"]

1. e4 c5 2. Nf3 Nc6 3. d4 cxd4 4. Nxd4 e6 5. Nxc6 bxc6 6. Bd3 e5 7. O-O Nf6 8.
Nc3 Bb4 9. Bd2 O-O 10. a3 Be7 11. Kh1 d6 12. f4 Qb6 13. f5 Qxb2 14. g4 d5 15.
g5 Nxe4 16. Nxe4 dxe4 17. Bxe4 Ba6 18. f6 Bxf6 19. gxf6 Bxf1 20. Qg4 Bg2+ 21.
Kxg2 g6 22. Qg5 Rfd8 23. Qh6 Rxd2+ 24. Kh3 Qc3+ 25. Kg4 Rg2+ 26. Bxg2 Qd4+ 27.
Kg3 Qf4+ 28. Qxf4 exf4+ 29. Kxf4 Rd8 30. Rb1 h6 31. Bxc6 Rd6 32. Rb8+ Kh7 33.
Be4 Rxf6+ 34. Ke5 Rf2 35. Rb7 h5 36. Rxa7 Kh6 37. a4 f6+ 38. Kd4 Rxh2 39. a5
Rh4 40. a6 f5 41. Re7 fxe4 42. a7 e3+ 43. Kxe3 Ra4 44. c4 h4 45. Kf3 g5 46. c5
g4+ 47. Kg2 Ra2+ 48. Kf1 h3 49. Kg1 g3 50. Rf7 h2+ 51. Kh1 {nitmo resigns} 0-1

[Event "ICS rated blitz match"]
[Site "204.178.125.65"]
[Date "2001.01.10"]
[Round "?"]
[White "pob"]
[Black "Hossa"]
[Result "0-1"]
[WhiteElo "2073"]
[BlackElo "2551"]
[PlyCount "110"]
[EventDate "2001.??.??"]

1. e4 e5 2. Nf3 Nc6 3. Bb5 a6 4. Ba4 Nf6 5. O-O Be7 6. Re1 b5 7. Bb3 O-O 8. c3
d6 9. h3 Bb7 10. d4 Re8 11. Nbd2 exd4 12. cxd4 Nb4 13. a3 Nc6 14. Nf1 d5 15. e5
Ne4 16. Be3 Na5 17. Rc1 Nxb3 18. Qxb3 Rc8 19. N1d2 c5 20. a4 cxd4 21. Bxd4 Nxd2
22. Nxd2 Qa5 23. Nf3 Qxa4 24. Qxa4 bxa4 25. Kf1 a3 26. bxa3 Bxa3 27. Ra1 Bb4
28. Reb1 a5 29. g4 Ba6+ 30. Kg2 Re6 31. Ng5 Rg6 32. f4 h6 33. Nf3 Bd3 34. Rc1
Rgc6 35. Rxc6 Rxc6 36. Kf2 Rc2+ 37. Ke3 Be4 38. f5 Kf8 39. e6 fxe6 40. fxe6 Ke7
41. Kf4 g5+ 42. Ke3 Kxe6 43. h4 gxh4 44. Rh1 Bd2+ 45. Nxd2 Bxh1 46. Kd3 h3 47.
Kxc2 h2 48. g5 hxg5 49. Kb3 Bg2 50. Ka4 h1=Q 51. Nb3 Qd1 52. Bc3 d4 53. Bxa5
Bd5 54. Bb4 Qxb3+ 55. Ka5 d3 {pob resigns} 0-1

[Event "ICS rated standard match"]
[Site "204.178.125.65"]
[Date "2001.01.10"]
[Round "?"]
[White "Hossa"]
[Black "nitmo"]
[Result "1-0"]
[WhiteElo "2326"]
[BlackElo "1923"]
[PlyCount "31"]
[EventDate "2001.??.??"]

1. e4 e5 2. Nf3 Nc6 3. Bb5 Nd4 4. Nxd4 exd4 5. O-O c6 6. Bc4 Nf6 7. e5 d5 8.
Be2 Nd7 9. f4 d3 10. Bxd3 Bc5+ 11. Kh1 Nb6 12. c3 h5 13. Be2 Qh4 14. d4 Be7 15.
f5 Bd7 16. Rf4 {nitmo resigns} 1-0

[Event "ICS rated standard match"]
[Site "204.178.125.65"]
[Date "2001.01.11"]
[Round "?"]
[White "nitmo"]
[Black "Hossa"]
[Result "0-1"]
[WhiteElo "1920"]
[BlackElo "2329"]
[PlyCount "82"]
[EventDate "2001.??.??"]

1. e4 e5 2. Nf3 Nc6 3. Bc4 Be7 4. d4 d6 5. dxe5 dxe5 6. Qxd8+ Bxd8 7. Nc3 Nd4
8. Nxd4 exd4 9. Nb5 Nf6 10. f3 a6 11. Nxd4 c5 12. Nb3 b5 13. Bd5 Nxd5 14. exd5
c4 15. Nd4 Bb7 16. Nc6 Bxc6 17. dxc6 Rc8 18. a4 Rxc6 19. axb5 axb5 20. Be3 Ke7
21. Kf2 c3 22. b3 Bb6 23. Bxb6 Rxb6 24. Ra7+ Kf6 25. Rd1 b4 26. Rdd7 Rf8 27.
Ke3 Kg6 28. Kd3 Rbb8 29. g4 Rb6 30. h4 Rf6 31. Ke3 h6 32. h5+ Kg5 33. Rab7 Re8+
34. Kf2 Kh4 35. Rxf7 Rfe6 36. f4 Re2+ 37. Kf1 Re1+ 38. Kf2 R8e2+ 39. Kf3 Re3+
40. Kf2 R1e2+ 41. Kf1 Kg3 {nitmo resigns} 0-1

[Event "ICS rated blitz match"]
[Site "204.178.125.65"]
[Date "2001.01.11"]
[Round "?"]
[White "Hossa"]
[Black "Rashed"]
[Result "1-0"]
[WhiteElo "2553"]
[BlackElo "2054"]
[PlyCount "65"]
[EventDate "2001.??.??"]

1. d3 Nf6 2. e4 e5 3. f4 d6 4. Nf3 Be7 5. fxe5 dxe5 6. Nxe5 O-O 7. Nc3 Bd6 8.
Nc4 Bc5 9. Bg5 h6 10. Be3 Bg4 11. Be2 Bxe2 12. Qxe2 Nbd7 13. O-O a6 14. Bxc5
Nxc5 15. Qe3 Ne6 16. Ne2 c5 17. c3 b5 18. Ne5 Qd6 19. Rf5 Rad8 20. Raf1 Nd7 21.
Nxf7 Rxf7 22. Rxf7 Nf6 23. R7xf6 gxf6 24. Rxf6 Qxd3 25. Qxd3 Rxd3 26. Rxe6 Rd2
27. Nf4 Rxb2 28. Rxa6 c4 29. Rxh6 Rxa2 30. Rb6 Rb2 31. Nd5 Rb3 32. Kf2 b4 33.
Rxb4 {Rashed resigns} 1-0

[Event "ICS rated blitz match"]
[Site "204.178.125.65"]
[Date "2001.01.11"]
[Round "?"]
[White "Rashed"]
[Black "Hossa"]
[Result "0-1"]
[WhiteElo "2052"]
[BlackElo "2555"]
[PlyCount "62"]
[EventDate "2001.??.??"]

1. e4 e6 2. Nf3 b6 3. Be2 Bb7 4. Nc3 Bb4 5. d3 d5 6. exd5 exd5 7. Bd2 Nf6 8.
O-O O-O 9. d4 Re8 10. Bd3 c6 11. Re1 Rxe1+ 12. Qxe1 Bd6 13. Ne5 Qc7 14. f4 Na6
15. a3 Re8 16. Qh4 Qc8 17. Ne2 Ne4 18. Be1 f6 19. Nf3 Nc7 20. c3 Ba6 21. Bxa6
Qxa6 22. Ng3 Qb5 23. Nf5 Qxb2 24. Nxd6 Nxd6 25. Rd1 Qxa3 26. Bf2 Ncb5 27. g4
Nxc3 28. Rd3 Ne2+ 29. Kg2 Nxf4+ 30. Kg3 Nxd3 31. g5 Nf5+ {Rashed resigns} 0-1

[Event "ICS Rated blitz match"]
[Site "204.178.125.65"]
[Date "2001.01.11"]
[Round "?"]
[White "Hossa"]
[Black "epi55"]
[Result "1-0"]
[WhiteElo "2557"]
[BlackElo "2196"]
[PlyCount "23"]
[EventDate "2001.??.??"]

1. d4 e6 2. e4 d5 3. Nd2 c6 4. Nh3 Nf6 5. e5 Nfd7 6. c3 c5 7. Bb5 Be7 8. Qg4
O-O 9. Nb3 Kh8 10. Bg5 a6 11. Qh4 f6 12. Bd3 {epi55 resigns} 1-0

[Event "ICS Rated blitz match"]
[Site "204.178.125.65"]
[Date "2001.01.11"]
[Round "?"]
[White "ChesterX"]
[Black "Hossa"]
[Result "1-0"]
[WhiteElo "2708"]
[BlackElo "2561"]
[PlyCount "81"]
[EventDate "2001.??.??"]

1. e4 e5 2. Nf3 Nc6 3. Bb5 a6 4. Ba4 Nf6 5. O-O Be7 6. Re1 b5 7. Bb3 O-O 8. c3
d6 9. h3 Bb7 10. d3 Qd7 11. d4 a5 12. a4 exd4 13. cxd4 Nb4 14. Nc3 bxa4 15.
Bxa4 c6 16. Bf4 Nh5 17. Be3 Rfe8 18. d5 Nf6 19. Rc1 Rac8 20. Re2 Bd8 21. Qd4
Ba6 22. Rd2 Bb5 23. dxc6 Bxc6 24. Bxc6 Rxc6 25. Re2 Qb7 26. Bf4 Qa6 27. Qd2 Nd3
28. Rc2 Rxc3 29. bxc3 Nxe4 30. c4 Ndxf2 31. Qe1 Bb6 32. c5 Bxc5 33. Rxc5 dxc5
34. Qxf2 a4 35. Ng5 f5 36. Qxc5 Qxe2 37. Qd5+ Kh8 38. Nf7+ Kg8 39. Nh6+ Kh8 40.
Qg8+ Rxg8 41. Nf7# {Hossa checkmated} 1-0

[Event "ICS rated blitz match"]
[Site "204.178.125.65"]
[Date "2001.01.11"]
[Round "?"]
[White "Hossa"]
[Black "PostModernist"]
[Result "0-1"]
[WhiteElo "2554"]
[BlackElo "2632"]
[PlyCount "130"]
[EventDate "2001.??.??"]

1. d3 d5 2. d4 Nf6 3. e3 e6 4. Nf3 Bd6 5. Bd3 Nc6 6. c3 Bd7 7. Nbd2 O-O 8. e4
e5 9. exd5 Nxd5 10. dxe5 Nf4 11. Bxh7+ Kxh7 12. exd6 Re8+ 13. Kf1 Bf5 14. h3
Bd3+ 15. Kg1 Ne2+ 16. Kh2 Qxd6+ 17. g3 Nxg3 18. Nc4 Nf1+ 19. Kg1 Bxc4 20. Qxd6
cxd6 21. Bf4 Bd5 22. Ng5+ Kg6 23. Rxf1 f6 24. Rh2 fxg5 25. Bxd6 Bxa2 26. Rg2
Re2 27. f3 Rxg2+ 28. Kxg2 Rd8 29. Bc7 Bc4 30. Bxd8 Bxf1+ 31. Kxf1 Nxd8 32. Kg2
Ne6 33. Kg3 Nf4 34. Kg4 a5 35. h4 a4 36. hxg5 Nd3 37. c4 Nxb2 38. c5 a3 39. f4
a2 40. f5+ Kf7 41. Kf3 a1=Q 42. Ke2 Qg1 43. f6 Qxg5 44. fxg7 Qxc5 45. g8=Q+
Kxg8 46. Kf3 Qe3+ 47. Kxe3 b5 48. Kd4 Na4 49. Kd3 Nc5+ 50. Kc3 Na6 51. Kd4 b4
52. Kc4 Kg7 53. Kb3 Kf6 54. Kc4 Ke5 55. Kb3 Kd4 56. Kc2 Nc5 57. Kb2 b3 58. Ka3
Kc4 59. Kb2 Nd3+ 60. Kb1 b2 61. Kc2 Kd4 62. Kb1 Kc3 63. Ka2 Kc2 64. Ka3 b1=Q
65. Ka4 Qb4# {Hossa checkmated} 0-1

[Event "ICS rated blitz match"]
[Site "204.178.125.65"]
[Date "2001.01.11"]
[Round "?"]
[White "PostModernist"]
[Black "Hossa"]
[Result "1-0"]
[WhiteElo "2644"]
[BlackElo "2542"]
[PlyCount "123"]
[EventDate "2001.??.??"]

1. d4 Na6 2. e4 g6 3. Nc3 b6 4. Bc4 c6 5. Nf3 Bg7 6. O-O b5 7. Bb3 d6 8. Qe2 e6
9. e5 d5 10. a4 b4 11. Na2 Ne7 12. Bd2 Rb8 13. Qe1 c5 14. dxc5 Nxc5 15. Nxb4 a5
16. Na2 Nc6 17. Bf4 Nxb3 18. cxb3 Ba6 19. Qc3 Rc8 20. Rfb1 Nxe5 21. Qe3 Nd3 22.
Be5 Nxe5 23. Nxe5 d4 24. Qe4 Qd6 25. Re1 O-O 26. Rad1 Rc5 27. Nd3 Rh5 28. h3
Rb8 29. Nac1 e5 30. Qe2 Bh6 31. Qc2 Rc8 32. Qe2 Qb6 33. b4 axb4 34. Na2 b3 35.
Nab4 Bb7 36. f3 Rc4 37. g4 Rxh3 38. Qxe5 Bxf3 39. Nd5 Bxd5 40. Qxd5 Qc7 41.
Re8+ Bf8 42. Ne5 Rc1 43. Kg2 Rxd1 44. Kxh3 Kg7 45. g5 Rd2 46. a5 Kg8 47. Qd7
Rc2 48. a6 Qxd7+ 49. Nxd7 Rc7 50. Rxf8+ Kg7 51. Rd8 f6 52. gxf6+ Kf7 53. Rf8+
Ke6 54. Re8+ Kd5 55. f7 Rxd7 56. f8=Q Kc4 57. Qg8+ Kb4 58. Re5 Rd8 59. Qf7 Rd6
60. Qb7+ Rb6 61. Qxb6+ Kc4 62. Qb5# {Hossa checkmated} 1-0

[Event "ICS rated blitz match"]
[Site "204.178.125.65"]
[Date "2001.01.11"]
[Round "?"]
[White "Hossa"]
[Black "QueenMaxima"]
[Result "1/2-1/2"]
[WhiteElo "2531"]
[BlackElo "2622"]
[PlyCount "205"]
[EventDate "2001.??.??"]

1. d4 Nf6 2. Nf3 d5 3. c4 c6 4. Nc3 dxc4 5. a4 Bf5 6. Ne5 e6 7. f3 Bb4 8. e4
Bxe4 9. fxe4 Nxe4 10. Nxf7 Qh4+ 11. g3 Nxc3 12. gxh4 Nxd1+ 13. Kxd1 Kxf7 14.
Bxc4 Nd7 15. Rf1+ Nf6 16. Be3 Rhe8 17. Kc2 a5 18. Rf3 Kg8 19. Rg1 Nd5 20. Bh6
Bf8 21. Kd3 b6 22. Bf4 Nb4+ 23. Ke4 Ra7 24. h5 Rb7 25. h6 g6 26. Ke5 Rf7 27.
Ke4 Nd5 28. Rgf1 Rf5 29. Be5 Bxh6 30. Bd6 Bg7 31. Bg3 c5 32. dxc5 bxc5 33. b3
Bd4 34. Rxf5 gxf5+ 35. Rxf5 exf5+ 36. Kxf5 Kf8 37. Bxd5 Ke7 38. Be1 Kd6 39. Be4
Be5 40. Bxa5 Bxh2 41. Bd3 Re5+ 42. Kf6 h5 43. b4 h4 44. bxc5+ Kxc5 45. Bf5 Bf4
46. Bc7 Rxf5+ 47. Kxf5 Bxc7 48. Kg4 Bg3 49. Kh3 Kb4 50. Kg2 Kxa4 51. Kh1 h3 52.
Kg1 h2+ 53. Kh1 Kb5 54. Kg2 Kc4 55. Kh1 Bc7 56. Kg2 Bf4 57. Kh1 Kd3 58. Kg2 Be5
59. Kh1 Kc4 60. Kg2 Kd5 61. Kh1 Ke4 62. Kg2 Bf4 63. Kh1 Bd6 64. Kg2 Be5 65. Kh1
Bf4 66. Kg2 Bg3 67. Kh1 Kd4 68. Kg2 Ke3 69. Kh1 Ke4 70. Kg2 Kd4 71. Kh1 Be5 72.
Kg2 Bd6 73. Kh1 Bc7 74. Kg2 Be5 75. Kh1 Bd6 76. Kg2 Bc7 77. Kh1 Kc3 78. Kg2 Bf4
79. Kh1 Kc4 80. Kg2 Kc5 81. Kh1 Kd5 82. Kg2 Ke6 83. Kh1 Ke5 84. Kg2 Kd5 85. Kh1
Ke6 86. Kg2 Kd6 87. Kh1 Kc5 88. Kg2 Kb4 89. Kh1 Kc3 90. Kg2 Kd3 91. Kh1 Ke2 92.
Kg2 Be5 93. Kh1 Ke3 94. Kg2 Bd6 95. Kh1 Bg3 96. Kg2 Bb8 97. Kh1 Bf4 98. Kg2 Kd4
99. Kh1 Bb8 100. Kg2 Kc5 101. Kh1 Be5 102. Kg2 h1=Q+ 103. Kxh1 {
Game drawn because neither player has mating material} 1/2-1/2

[Event "ICS rated standard match"]
[Site "204.178.125.65"]
[Date "2001.01.11"]
[Round "?"]
[White "Hossa"]
[Black "BrazilianMaster"]
[Result "0-1"]
[WhiteElo "2332"]
[BlackElo "2609"]
[PlyCount "102"]
[EventDate "2001.??.??"]

1. d4 Nf6 2. Nf3 g6 3. Bg5 Bg7 4. Nbd2 h6 5. Bxf6 exf6 6. e3 O-O 7. Bd3 d6 8.
O-O b6 9. Qe2 Bb7 10. c3 f5 11. Rfd1 a6 12. Bc2 Nd7 13. Ne1 Qe7 14. Nd3 Nf6 15.
Re1 Ne4 16. f3 Nxd2 17. Qxd2 Qg5 18. Qf2 c5 19. Bb3 Rac8 20. Nf4 c4 21. Ba4 d5
22. Nh3 Qe7 23. Qd2 Kh7 24. Nf4 b5 25. Bc2 Rfe8 26. b3 Bc6 27. a4 Ra8 28. bxc4
bxc4 29. a5 Rab8 30. Ba4 Bxa4 31. Rxa4 Qd6 32. Ra2 Bf6 33. Nh3 Bd8 34. Nf4 Bc7
35. g3 Kg8 36. Rea1 Rb5 37. Ng2 Reb8 38. e4 Rb1+ 39. Ne1 fxe4 40. Qxh6 Qf6 41.
fxe4 Qf3 42. Qd2 dxe4 43. Ra3 Bxg3 44. Rxb1 Rxb1 45. hxg3 e3 46. Rb3 cxb3 47.
Kh2 Qh5+ 48. Kg2 exd2 49. g4 Qxg4+ 50. Kh2 dxe1=Q 51. d5 Rb2# {Hossa checkmated
} 0-1

[Event "ICS rated blitz match"]
[Site "204.178.125.65"]
[Date "2001.01.11"]
[Round "?"]
[White "escorp"]
[Black "Hossa"]
[Result "1-0"]
[WhiteElo "2649"]
[BlackElo "2535"]
[PlyCount "43"]
[EventDate "2001.??.??"]

1. e4 e6 2. d4 d5 3. Nc3 Bb4 4. e5 c5 5. a3 Bxc3+ 6. bxc3 Ne7 7. Qg4 O-O 8. Nf3
Qc7 9. Bd3 cxd4 10. cxd4 h5 11. Qxh5 g6 12. Qh6 Qc3+ 13. Bd2 Qxa1+ 14. Ke2 Nf5
15. Bxf5 Qxd4 16. Nxd4 exf5 17. Bg5 Nd7 18. Bf6 Nxf6 19. exf6 Re8+ 20. Kf1 Re1+
21. Kxe1 Rb8 22. Qg7# {Hossa checkmated} 1-0

[Event "ICS rated blitz match"]
[Site "204.178.125.65"]
[Date "2001.01.11"]
[Round "?"]
[White "armenjan"]
[Black "Hossa"]
[Result "0-1"]
[WhiteElo "2133"]
[BlackElo "2527"]
[PlyCount "54"]
[EventDate "2001.??.??"]

1. d4 e6 2. c4 Bb4+ 3. Bd2 a5 4. Nf3 d6 5. g3 Nd7 6. Bg2 Ngf6 7. O-O Bxd2 8.
Nbxd2 O-O 9. Rc1 c5 10. Re1 cxd4 11. Nxd4 Nc5 12. Nb5 Qb6 13. Nb3 Nxb3 14. Qxb3
Bd7 15. Red1 a4 16. Qb4 d5 17. Qd6 Ra6 18. Qxb6 Rxb6 19. b3 axb3 20. axb3 Bxb5
21. cxb5 Rxb5 22. Rc3 Ra8 23. e3 g5 24. h3 Ra2 25. Rdc1 Rb2 26. Rc8+ Kg7 27.
R1c7 R5xb3 {armenjan resigns} 0-1

[Event "ICS rated blitz match"]
[Site "204.178.125.65"]
[Date "2001.01.11"]
[Round "?"]
[White "Hossa"]
[Black "armenjan"]
[Result "1/2-1/2"]
[WhiteElo "2530"]
[BlackElo "2130"]
[PlyCount "155"]
[EventDate "2001.??.??"]

1. d4 Nf6 2. Bg5 e6 3. e4 h6 4. Bxf6 Qxf6 5. Nf3 d6 6. Nbd2 g6 7. e5 Qd8 8. Bd3
Bg7 9. exd6 cxd6 10. O-O O-O 11. c3 Nc6 12. Bb5 a6 13. Bxc6 bxc6 14. Nc4 a5 15.
Qa4 Qc7 16. b4 Ba6 17. bxa5 d5 18. Nb6 Bxf1 19. Nxa8 Rxa8 20. Rxf1 Rxa5 21. Qb3
c5 22. Rb1 cxd4 23. cxd4 Qa7 24. Qb8+ Kh7 25. Qxa7 Rxa7 26. Rb2 g5 27. g4 Kg6
28. Kg2 Ra4 29. Rd2 h5 30. gxh5+ Kxh5 31. h3 g4 32. hxg4+ Kxg4 33. Nh2+ Kf4 34.
Nf3 Bf6 35. Rd3 Rxa2 36. Nd2 Ra4 37. Nb3 Rb4 38. Rf3+ Kg5 39. Rg3+ Kf5 40. Rf3+
Kg6 41. Rg3+ Kh7 42. Rd3 Kg7 43. Kf3 Kf8 44. Ke3 Ke7 45. f4 Kd6 46. Nd2 Rb2 47.
Nf3 Bd8 48. Rc3 Bb6 49. Ng5 f6 50. Nf3 e5 51. fxe5+ fxe5 52. Nxe5 Bxd4+ 53.
Kxd4 Rb4+ 54. Kd3 Kxe5 55. Kd2 Rh4 56. Rd3 d4 57. Kd1 Ke4 58. Rg3 Rh2 59. Rg1
Kd3 60. Rg3+ Kc4 61. Rf3 Rg2 62. Rh3 d3 63. Rh5 Kc3 64. Rc5+ Kd4 65. Rf5 Ra2
66. Rg5 Ra1+ 67. Kd2 Ra2+ 68. Kd1 Rh2 69. Rf5 Ke3 70. Rf1 Ra2 71. Re1+ Kd4 72.
Re6 Kc3 73. Rc6+ Kd4 74. Re6 Kc3 75. Rc6+ Kd4 76. Re6 Kc3 77. Rc6+ Kd4 78. Re6
{Game drawn by repetition} 1/2-1/2

[Event "ICS rated blitz match"]
[Site "204.178.125.65"]
[Date "2001.01.11"]
[Round "?"]
[White "Hossa"]
[Black "WinChesser"]
[Result "1-0"]
[WhiteElo "2523"]
[BlackElo "2267"]
[PlyCount "37"]
[EventDate "2001.??.??"]

1. d4 Nf6 2. Bg5 Ne4 3. Bc1 d5 4. Nf3 c6 5. e3 Bf5 6. c4 e6 7. Be2 Nd7 8. Nbd2
Bd6 9. cxd5 exd5 10. Nxe4 dxe4 11. Nd2 Qg5 12. g4 Be6 13. Nxe4 Qd5 14. Nxd6+
Qxd6 15. e4 O-O 16. O-O g6 17. Bh6 Rfe8 18. Qd2 c5 19. d5 {WinChesser resigns}
1-0

[Event "ICS rated blitz match"]
[Site "204.178.125.65"]
[Date "2001.01.11"]
[Round "?"]
[White "WinChesser"]
[Black "Hossa"]
[Result "0-1"]
[WhiteElo "2261"]
[BlackElo "2529"]
[PlyCount "68"]
[EventDate "2001.??.??"]

1. e4 d6 2. d4 Nf6 3. Nc3 Bg4 4. f3 Bd7 5. Be3 e5 6. Nge2 Be7 7. d5 Nh5 8. Qd2
b5 9. O-O-O b4 10. Nb1 O-O 11. g4 b3 12. axb3 Nf6 13. h4 c6 14. h5 cxd5 15. g5
Nxe4 16. fxe4 d4 17. Nxd4 exd4 18. Qxd4 Nc6 19. Qd2 Bg4 20. Be2 Bxe2 21. Qxe2
Bxg5 22. Rdg1 Bf6 23. Bh6 Bxb2+ 24. Kxb2 Qf6+ 25. c3 Qxh6 26. Rg3 Qe6 27. Rhg1
g6 28. hxg6 fxg6 29. Qh5 Rf2+ 30. Kc1 Qxb3 31. Rxg6+ Kh8 32. Nd2 Qxc3+ 33. Kb1
Rb8+ 34. Ka2 Rxd2# {WinChesser checkmated} 0-1

[Event "ICS rated blitz match"]
[Site "204.178.125.65"]
[Date "2001.01.11"]
[Round "?"]
[White "Hossa"]
[Black "WinChesser"]
[Result "1-0"]
[WhiteElo "2535"]
[BlackElo "2255"]
[PlyCount "21"]
[EventDate "2001.??.??"]

1. e4 c5 2. Bc4 e6 3. Nc3 Ne7 4. Nf3 d5 5. exd5 exd5 6. Bb5+ Bd7 7. Bxd7+ Nxd7
8. d4 c4 9. O-O g6 10. Qe2 Nb6 11. Qe5 {WinChesser resigns} 1-0

[Event "ICS rated blitz match"]
[Site "204.178.125.65"]
[Date "2001.01.11"]
[Round "?"]
[White "cfd"]
[Black "Hossa"]
[Result "0-1"]
[WhiteElo "2259"]
[BlackElo "2540"]
[PlyCount "86"]
[EventDate "2001.??.??"]

1. d4 e6 2. e3 d5 3. Bd3 Nf6 4. Nd2 c5 5. c3 Nc6 6. f4 Bd7 7. Ngf3 Ng4 8. Qe2
c4 9. Bc2 Be7 10. O-O f5 11. h3 Nh6 12. Ne5 Nxe5 13. dxe5 g5 14. Nf3 g4 15. Nd4
Qc7 16. Kh2 O-O-O 17. Bd2 gxh3 18. gxh3 Rdg8 19. Rg1 Kb8 20. Rxg8+ Rxg8 21. Rg1
Qd8 22. Rxg8 Qxg8 23. Qg2 Bc5 24. Qxg8+ Nxg8 25. Be1 Ne7 26. Bh4 Ng6 27. Bg5 a6
28. Kg3 a5 29. h4 Ne7 30. h5 b5 31. b3 Ka7 32. bxc4 bxc4 33. Kh4 Ng8 34. Bd8
Ka6 35. Bg5 h6 36. Bd8 Ba3 37. Kg3 Bc1 38. Kf2 Bb2 39. Ne2 Be8 40. Nd4 Bf7 41.
Nc6 Bxc3 42. Bf6 Nxf6 43. exf6 Bxf6 {cfd resigns} 0-1